|
|
|
|
| LEADER |
00000nam a22000007a 4500 |
| 005 |
20210427233734.0 |
| 007 |
cr|||| |||| |
| 008 |
210427s2020 co |||||r|||| 00||0 spa d |
| 020 |
|
|
|a 978-958-784-489-4
|
| 035 |
|
|
|a 33130
|
| 040 |
|
|
|a vLex
|
| 090 |
|
|
|c 11544
|d 11544
|
| 100 |
1 |
|
|a Güiza Sur̀ez, Leonardo
|
| 245 |
1 |
0 |
|a Mitos y realidades de la minera̕ aurf̕era en Colombia
|h [Recurso electrn̤ico] /
|c Leonardo Güiza Sur̀ez, Eduardo Chaparro-ℓvila
|
| 256 |
|
|
|a Servicio en ln̕ea
|
| 260 |
|
|
|a Bogot:̀
|b Editorial Universidad de Rosario (Colombia),
|c 2020
|
| 300 |
|
|
|a 1 recurso electrn̤ico
|
| 506 |
1 |
|
|a Disponible solo en los productos indicados
|d vLex Global
|d vLex Global (Academic Edition, excluding Law Schools)
|d vLex Global (U.S. Academic Edition, Law Schools)
|d vLex Global (U.S. Academic Edition, excluding Law Schools)
|d vLex Global (Academic Edition, Law Schools)
|
| 650 |
0 |
4 |
|a Derecho Pb︢lico y Administrativo
|z Colombia
|
| 650 |
0 |
4 |
|a Derecho del Medio Ambiente
|z Colombia
|
| 700 |
1 |
|
|a Chaparro-ℓvila, Eduardo
|
| 740 |
0 |
|
|a vLex Libros (Servicio en ln̕ea)
|
| 856 |
4 |
0 |
|u https://vlex.com/source/mitos-realidades-mineria-aurifera-colombia-33130
|z Acceso restringido
|
| 942 |
|
|
|c BOOK
|
| 999 |
0 |
|
|a Public and Administrative Law
|
| 999 |
0 |
|
|a Environmental Law
|